UBT Library

A history of the world / (Record no. 40850)

000 -LEADER
fixed length control field 00553cam a2200205 a 4500
001 - CONTROL NUMBER
control field 1012209
005 - DATE AND TIME OF LATEST TRANSACTION
control field 20180124051459.0
008 - FIXED-LENGTH DATA ELEMENTS--GENERAL INFORMATION
fixed length control field 870731s1988 maua 001 0 eng
010 ## - LIBRARY OF CONGRESS CONTROL NUMBER
LC control number 87161455
020 ## - INTERNATIONAL STANDARD BOOK NUMBER
International Standard Book Number 039542710X
040 ## - CATALOGING SOURCE
Original cataloging agency DLC
Transcribing agency DLC
Modifying agency DLC
041 ## - LANGUAGE CODE
Language code of text/sound track or separate title eng
080 ## - UNIVERSAL DECIMAL CLASSIFICATION NUMBER
Universal Decimal Classification number 909 PER
082 00 - DEWEY DECIMAL CLASSIFICATION NUMBER
Classification number 909 PER
Edition number 19
100 1# - Rafti
Rafti 16
101 ## - Shkurtesa
Shkurtesa HIS
245 12 - TITLE STATEMENT
Title A history of the world /
Statement of responsibility, etc Marvin Perry ; contributing area specialists, Daniel F. Davis ... [et al.].
906 ## - LOCAL DATA ELEMENT F, LDF (RLIN)
a 7
b cbc
c orignew
d 2
e ncip
f 19
g y-gencatlg
942 ## - ADDED ENTRY ELEMENTS (KOHA)
Source of classification or shelving scheme
Item type Books
Holdings
Withdrawn status Lost status Source of classification or shelving scheme Damaged status Not for loan Collection code Permanent location Current location Shelving location Date acquired Total Checkouts Full call number Barcode Date last seen Price effective from Koha item type
          Koleksioni i përgjithshem UBT - Lipjan UBT - Lipjan Koleksioni i përgjithshem 01/24/2018   909 PER 002-2996308 01/24/2018 01/24/2018 Books
UBT Library © 2015-2024. All rights reserved University Education for Business and Technology